| 000 | 00817nam a2200241 a 4500 | ||
|---|---|---|---|
| 001 | 6483 | ||
| 003 | BD-RjUL | ||
| 005 | 20211208234242.0 | ||
| 008 | 110114s1964 ne 00000 eng d | ||
| 035 | _a(BD-RjUL) | ||
| 035 | _a(BD-RjUL) | ||
| 040 |
_aBD-RjUL _beng _cBD-RjUL |
||
| 041 | _aeng | ||
| 082 |
_a341.13 _bAHL 1964 |
||
| 100 | 1 | 0 |
_aAhluwalia, Kuljit. _920414 |
| 245 | 1 | 4 |
_aThe legal status, privileges and immunities of the specialized agencies of the United Nations and certain other international organizations / _cwith a foreword by Leland M. Goodrich. |
| 260 | 0 |
_aThe Hague : _bNijhoff, _c1964. |
|
| 300 |
_axiii,230 p.: _c24 cm. |
||
| 504 | _aBibliography: p. [209]-220. | ||
| 610 | 2 | 0 |
_aUnited Nations _920415 |
| 650 | 0 |
_aInternational agencies _xPrivileges and immunities. _917143 |
|
| 942 |
_2ddc _cBK |
||
| 999 |
_c6483 _d6483 |
||